[Event "Nizhnij Novgorod Dubinin Memorial 19th"]
[Site "Nizhnij Novgorod"]
[Date "2012.01.??"]
[Round "7"]
[White "Remizov, Alexander"]
[Black "Korchagina, Alena"]
[Result "1-0"]
[WhiteElo "1944"]
[BlackElo "1676"]
[PlyCount "37"]
[EventDate "2012.01.??"]
[EventType "swiss"]
[EventRounds "9"]
[EventCountry "RUS"]
[SourceTitle "EXT 2015"]
[Source "ChessBase"]
[SourceDate "2014.11.20"]
[SourceVersion "1"]
[SourceVersionDate "2014.11.20"]
[SourceQuality "1"]

1. e4 c5 2. Nf3 e6 3. d4 cxd4 4. Nxd4 a6 5. c4 Qc7 6. Nc3 Nf6 7. Bg5 Be7 8. f4 d6 9. Be2 0-0 10. 0-0 Nc6 11. Kh1 Re8 12. Bf3 Nd7 13. Bxe7 Nxe7 14. Rc1 Nc6 15. Qd2 Nxd4 16. Qxd4 Nb6 17. b3 Bd7 18. Rfd1 Bc6 19. Qxd6 1-0

[Event "Nizhnij Novgorod Dubinin Memorial 16th"]
[Site "Nizhnij Novgorod"]
[Date "2009.01.04"]
[Round "2"]
[White "Kozyrev, Daniil"]
[Black "Remizov, Alexander"]
[Result "1-0"]
[WhiteElo "2198"]
[BlackElo "1938"]
[PlyCount "39"]
[EventDate "2009.01.03"]
[EventType "swiss"]
[EventRounds "9"]
[EventCountry "RUS"]
[SourceTitle "EXT 2010"]
[Source "ChessBase"]
[SourceDate "2010.11.25"]
[SourceVersion "1"]
[SourceVersionDate "2010.11.25"]
[SourceQuality "1"]

1. d4 Nf6 2. c4 c5 3. d5 b5 4. cxb5 a6 5. bxa6 Bxa6 6. Nf3 g6 7. g3 Bg7 8. Bg2 d6 9. 0-0 0-0 10. Nc3 Nbd7 11. a3 Nb6 12. Re1 Qc7 13. e4 Nfd7 14. Qc2 Nc4 15. Bg5 Nde5 16. Nxe5 Nxe5 17. Rad1 Rfb8 18. Bc1 Bc4 19. f4 Bb3 20. Qe2 1-0

[Event "Moscow op-B 04th"]
[Site "Moscow"]
[Date "2008.02.07"]
[Round "6"]
[White "Emdin, Mark"]
[Black "Remizov, Alexander"]
[Result "0-1"]
[WhiteElo "1854"]
[BlackElo "1948"]
[PlyCount "78"]
[EventDate "2008.02.02"]
[EventType "swiss"]
[EventRounds "9"]
[EventCountry "RUS"]
[SourceTitle "CBM 122 Extra"]
[Source "ChessBase"]
[SourceDate "2008.03.04"]
[SourceVersion "1"]
[SourceVersionDate "2008.03.04"]
[SourceQuality "1"]

1. c4 e6 2. Nc3 d5 3. cxd5 exd5 4. d4 Nf6 5. Bg5 Be7 6. e3 h6 7. Bh4 0-0 8. Bd3 b6 9. Nge2 Bb7 10. a3 c5 11. dxc5 bxc5 12. 0-0 Nc6 13. Bf5 d4 14. exd4 cxd4 15. Nb5 Qd5 16. Bd3 Ne5 17. Nf4 Qd7 18. Ne2 Qg4 19. Bg3 Nf3+ 20. Kh1 Rfd8 21. h3 Qd7 22. Ng1 Ng5 23. f3 Nd5 24. Bf2 Ne3 25. Bxe3 dxe3 26. Be2 Qf5 27. Qb3 Bc5 28. Nc3 Qf4 29. Rad1 Rd2 30. Rxd2 exd2 31. Ne4 Bxe4 32. fxe4 Qxe4 33. Bc4 Rd8 34. Bxf7+ Kh8 35. Bh5 Bd6 36. Qc3 Be5 37. Qb3 Rb8 38. Qd1 Bd6 39. b4 Qe5 0-1

[Event "Moscow op-B 04th"]
[Site "Moscow"]
[Date "2008.02.05"]
[Round "4"]
[White "Gharagyozyan, Artur"]
[Black "Remizov, Alexander"]
[Result "1-0"]
[WhiteElo "2144"]
[BlackElo "1948"]
[PlyCount "43"]
[EventDate "2008.02.02"]
[EventType "swiss"]
[EventRounds "9"]
[EventCountry "RUS"]
[SourceTitle "CBM 122 Extra"]
[Source "ChessBase"]
[SourceDate "2008.03.04"]
[SourceVersion "1"]
[SourceVersionDate "2008.03.04"]
[SourceQuality "1"]

1. e4 c5 2. Nf3 e6 3. d4 cxd4 4. Nxd4 Nf6 5. Nc3 Bb4 6. e5 Nd5 7. Bd2 Nxc3 8. bxc3 Be7 9. Qg4 g6 10. Be2 d6 11. exd6 Bxd6 12. Nb5 Be7 13. Rd1 Qa5 14. Qd4 0-0 15. Bh6 f6 16. Bxf8 Kxf8 17. 0-0 Nc6 18. Qd2 e5 19. Qh6+ Kg8 20. Bc4+ Kh8 21. Nd6 Bxd6 22. Rxd6 1-0